Central Library OPAC University of Rajshahi

The social systems of American ethnic groups / (Record no. 41899)

MARC details
000 -LEADER
fixed length control field 00979nam a2200289 a 4500
001 - CONTROL NUMBER
control field 41899
003 - CONTROL NUMBER IDENTIFIER
rucl marc code UkOxU
005 - DATE AND TIME OF LATEST TRANSACTION
control field 20211209053452.0
008 - FIXED-LENGTH DATA ELEMENTS--GENERAL INFORMATION
fixed length control field 880808s1945 ctua 001 0 eng u
035 ## - SYSTEM CONTROL NUMBER
System control number oxf98305868
040 ## - CATALOGING SOURCE
Original cataloging agency KSU
Modifying agency m.c
-- OCL
-- (BD-RjUL) 42017
-- EQO
Language of cataloging eng
Transcribing agency BD-RjUL
041 ## - LANGUAGE CODE
Language code of text/sound track or separate title eng
082 ## - DEWEY DECIMAL CLASSIFICATION NUMBER
Edition number 23
Classification number 325.73
Author mark and year WAS 1949
100 1# - MAIN ENTRY--PERSONAL NAME
Personal name Warner, W. Lloyd
Fuller form of name (William Lloyd),
Dates associated with a name 1898-1970.
9 (RLIN) 128750
245 14 - TITLE STATEMENT
Title The social systems of American ethnic groups /
Statement of responsibility, etc. by W. Lloyd Warner and Leo Srole.
260 ## - PUBLICATION, DISTRIBUTION, ETC. (IMPRINT)
Place of publication, distribution, etc. New Haven :
Name of publisher, distributor, etc. Yale University Press ;
Place of publication, distribution, etc. London :
Name of publisher, distributor, etc. Oxford University Press,
Date of publication, distribution, etc. 1945.
300 ## - PHYSICAL DESCRIPTION
Pagination xii, 318 p. :
Illustrations ill. ;
Size 24 cm.
490 1# - SERIES STATEMENT
Series statement Yankee City series ;
Volume/sequential designation vol. 3.
500 ## - GENERAL NOTE
General note Includes Index
650 #0 - SUBJECT ADDED ENTRY--TOPICAL TERM
Topical term or geographic name as entry element Minorities.
9 (RLIN) 128751
Topical term or geographic name as entry element Acculturation
9 (RLIN) 128752
Topical term or geographic name as entry element Aliens
Geographic subdivision United States
9 (RLIN) 128753
700 1# - ADDED ENTRY--PERSONAL NAME
Personal name Srole, Leo,
Dates associated with a name 1908-
830 #0 - SERIES ADDED ENTRY--UNIFORM TITLE
Uniform title Yankee City series ;
Volume number/sequential designation vol. 3.
942 ## - ADDED ENTRY ELEMENTS (KOHA)
Source of classification or shelving scheme Dewey Decimal Classification
Koha item type Books
Holdings
Lost status Source of classification or shelving scheme Damaged status Not for loan Collection code Permanent Location Current Location Shelving location Date acquired Source of acquisition Total Checkouts Full call number Date last seen Copy number Koha item type
  Dewey Decimal Classification     Non-fiction Central Library, University of Rajshahi Central Library, University of Rajshahi   26/02/1958 U.S.I.S.Dhaka   325.73 WAS 1949 07/06/2016 C-2 Books